[Event "Nikaia op 25th"]
[Site "Nikaia"]
[Date "2017.08.30"]
[Round "5"]
[White "Gripeos, Kiriakos"]
[Black "Karagiannis, Athanasios"]
[Result "0-1"]
[WhiteElo "2040"]
[BlackElo "2220"]
[PlyCount "67"]
[EventDate "2017.08.26"]
[EventType "swiss"]
[EventRounds "9"]
[EventCountry "GRE"]
[SourceTitle "CBM 180 Extra"]
[Source "ChessBase"]
[SourceDate "2017.10.06"]
[SourceVersion "1"]
[SourceVersionDate "2017.10.06"]
[SourceQuality "1"]

1. e4 g6 2. d4 Bg7 3. Nf3 d6 4. Be2 Nf6 5. Nc3 0-0 6. 0-0 a6 7. a4 b6 8. Re1 Bb7 9. Bc4 e6 10. Bb3 Nbd7 11. e5 dxe5 12. dxe5 Ng4 13. Bf4 Nc5 14. Bc4 Qxd1 15. Raxd1 Rfd8 16. Nd4 Rd7 17. h3 Rad8 18. hxg4 Rxd4 19. Be3 Rxd1 20. Nxd1 Nxa4 21. b3 Nc5 22. Bxc5 bxc5 23. Nb2 a5 24. f3 Bd5 25. Kf2 f6 26. Bxd5 Rxd5 27. Rd1 fxe5 28. c4 Rxd1 29. Nxd1 e4 30. fxe4 Bd4+ 31. Kf3 Kg7 32. g5 h6 33. Nf2 Bxf2 34. Kxf2 0-1

[Event "Ambelokipi op 154th"]
[Site "Athens"]
[Date "2015.06.29"]
[Round "1"]
[White "Soursos, Panayotis"]
[Black "Gripeos, Kiriakos"]
[Result "0-1"]
[WhiteElo "1510"]
[BlackElo "2023"]
[PlyCount "96"]
[EventDate "2015.06.29"]
[EventType "swiss"]
[EventRounds "7"]
[EventCountry "GRE"]
[SourceTitle "EXT 2024"]
[Source "ChessBase"]
[SourceDate "2023.10.10"]
[SourceVersion "1"]
[SourceVersionDate "2023.10.10"]
[SourceQuality "1"]

1. Nf3 d6 2. d4 Nf6 3. c4 g6 4. Nc3 Bg7 5. e3 0-0 6. Bd3 c6 7. 0-0 a6 8. Qe2 Nbd7 9. Bd2 b5 10. cxb5 axb5 11. a3 Nb6 12. Rac1 Be6 13. Ne4 Nc4 14. Nxf6+ exf6 15. Rc2 f5 16. Rfc1 Bd5 17. Bc3 f4 18. exf4 f5 19. Nd2 Nb6 20. Re1 Bf6 21. Nb1 Na4 22. Qf1 Qb6 23. Rd2 Ba2 24. Red1 Bxb1 25. Bxb1 Nxc3 26. bxc3 Rxa3 27. Ba2+ d5 28. Qe2 Rxc3 29. Qe6+ Kg7 30. Bxd5 Qc7 31. Bf3 Qe7 32. Qxe7+ Bxe7 33. Re2 Bd6 34. g3 Rxf3 35. Re6 Rd8 36. Rc1 Rd3 37. Rxc6 Rxd4 38. Rb6 Kf7 39. Re1 Rb8 40. Rxb8 Bxb8 41. Rb1 b4 42. Kf1 Bd6 43. f3 Rd2 44. h4 h5 45. Rb3 Ke6 46. Re3+ Kd5 47. Ke1 Rg2 48. Rd3+ Kc6 0-1

[Event "Ambelokipi op 153th"]
[Site "Athens"]
[Date "2015.06.03"]
[Round "5"]
[White "Gripeos, Kiriakos"]
[Black "Stefanopoulos, Orestis"]
[Result "1/2-1/2"]
[WhiteElo "2031"]
[BlackElo "2117"]
[PlyCount "58"]
[EventDate "2015.05.06"]
[EventType "swiss"]
[EventRounds "7"]
[EventCountry "GRE"]
[SourceTitle "EXT 2024"]
[Source "ChessBase"]
[SourceDate "2023.10.10"]
[SourceVersion "1"]
[SourceVersionDate "2023.10.10"]
[SourceQuality "1"]

1. e4 c6 2. d4 d5 3. e5 c5 4. dxc5 e6 5. Be3 Nh6 6. c3 Nf5 7. Bd4 Nxd4 8. Qxd4 Nc6 9. Bb5 Qg5 10. Ne2 Qxg2 11. Ng3 Qh3 12. Bxc6+ bxc6 13. Nd2 h5 14. 0-0-0 Be7 15. Nb3 h4 16. Nf1 Qf5 17. Ne3 Bg5 18. Rhg1 Bh6 19. Rdf1 Ba6 20. f4 Qe4 21. Rf2 0-0-0 22. Ng4 g6 23. Nxh6 Rxh6 24. Qxe4 dxe4 25. Re1 Bd3 26. Nd2 Rd5 27. b4 Rh8 28. Nxe4 Bxe4 29. Rxe4 Rhd8 1/2-1/2

[Event "Ambelokipi op 148th"]
[Site "Athens"]
[Date "2014.10.08"]
[Round "4"]
[White "Delithanasis, Dimitrios"]
[Black "Gripeos, Kiriakos"]
[Result "1-0"]
[WhiteElo "2095"]
[BlackElo "2066"]
[PlyCount "67"]
[EventDate "2014.09.17"]
[EventType "swiss"]
[EventRounds "7"]
[EventCountry "GRE"]
[SourceTitle "EXT 2016"]
[Source "ChessBase"]
[SourceDate "2015.10.08"]
[SourceVersion "1"]
[SourceVersionDate "2015.10.08"]
[SourceQuality "1"]

1. d4 Nf6 2. c4 g6 3. Nc3 Bg7 4. e4 d6 5. Nge2 Nbd7 6. f3 0-0 7. Be3 c5 8. Qd2 Re8 9. Rd1 b6 10. b3 cxd4 11. Nxd4 Bb7 12. Be2 a6 13. 0-0 Rc8 14. g4 e5 15. Nc2 Re6 16. Nb4 a5 17. Nd3 Bc6 18. a4 Re8 19. b4 axb4 20. Nxb4 Bf8 21. g5 Nh5 22. Nb5 Bxb5 23. axb5 Nc5 24. Rf2 Qc7 25. Nd5 Qd8 26. Bf1 Rb8 27. Bh3 Ne6 28. Bg4 Neg7 29. Ra1 f5 30. gxf6 Nxf6 31. Bg5 Be7 32. Ra7 Nxd5 33. Qxd5+ Kh8 34. Qf7 1-0

[Event "Ambelokipi op 148th"]
[Site "Athens"]
[Date "2014.10.01"]
[Round "3"]
[White "Gripeos, Kiriakos"]
[Black "Nikolaou, Georgios"]
[Result "0-1"]
[WhiteElo "2066"]
[BlackElo "2319"]
[PlyCount "60"]
[EventDate "2014.09.17"]
[EventType "swiss"]
[EventRounds "7"]
[EventCountry "GRE"]
[SourceTitle "EXT 2016"]
[Source "ChessBase"]
[SourceDate "2015.10.08"]
[SourceVersion "1"]
[SourceVersionDate "2015.10.08"]
[SourceQuality "1"]

1. e4 c5 2. Nf3 e6 3. d4 cxd4 4. Nxd4 Nc6 5. Nb5 d6 6. c4 Nf6 7. N1c3 a6 8. Na3 b6 9. Be2 Bb7 10. 0-0 Be7 11. Re1 0-0 12. Bf4 Ne5 13. Bf1 Rc8 14. Rc1 Qc7 15. Bg3 Rfd8 16. h3 Ng6 17. Rc2 h5 18. Rd2 h4 19. Bh2 Qc5 20. Nab1 b5 21. cxb5 axb5 22. Bxb5 d5 23. exd5 Nxd5 24. Bf1 Ndf4 25. Qa4 Qg5 26. Rxd8+ Rxd8 27. Bxf4 Nxf4 28. Qb5 Bc5 29. Qxb7 Qg3 30. Qf3 Nxh3+ 0-1

[Event "Athens op 06"]
[Site "Athens"]
[Date "2012.06.06"]
[Round "2"]
[White "Gripeos, Kiriakos"]
[Black "Kontarinis, Andreas"]
[Result "1-0"]
[WhiteElo "2112"]
[BlackElo "1787"]
[PlyCount "61"]
[EventDate "2012.06.02"]
[EventType "swiss"]
[EventRounds "7"]
[EventCountry "GRE"]
[SourceTitle "EXT 2014"]
[Source "ChessBase"]
[SourceDate "2013.11.20"]
[SourceVersion "1"]
[SourceVersionDate "2013.11.20"]
[SourceQuality "1"]

1. e4 e6 2. d4 d5 3. Nd2 dxe4 4. Nxe4 Bd7 5. Bd3 Bc6 6. Nf3 Nd7 7. 0-0 Ngf6 8. Ned2 a6 9. Re1 Be7 10. c4 Bxf3 11. Nxf3 c5 12. d5 exd5 13. Nh4 Nf8 14. Bg5 Ne6 15. Bxf6 Bxf6 16. cxd5 Bxh4 17. dxe6 f5 18. Qa4+ b5 19. Bxb5+ axb5 20. Qxb5+ Kf8 21. Qxc5+ Qe7 22. Qxf5+ Bf6 23. Rad1 g6 24. Qf4 Ra7 25. Qh6+ Bg7 26. Qh3 Bxb2 27. Re2 Bf6 28. Red2 Ra6 29. Rd8+ Qxd8 30. Rxd8+ Bxd8 31. Qf3+ 1-0

[Event "Isthmia op 1st"]
[Site "Vrachati"]
[Date "2011.08.20"]
[Round "3"]
[White "Spiliadis, Athanasios"]
[Black "Gripeos, Kiriakos"]
[Result "0-1"]
[WhiteElo "1896"]
[BlackElo "2127"]
[PlyCount "36"]
[EventDate "2011.08.18"]
[EventType "swiss"]
[EventRounds "9"]
[EventCountry "GRE"]
[SourceTitle "CBM 144 Extra"]
[Source "ChessBase"]
[SourceDate "2011.10.28"]
[SourceVersion "1"]
[SourceVersionDate "2011.10.28"]
[SourceQuality "1"]

1. e4 c5 2. c3 d5 3. exd5 Qxd5 4. d4 Nf6 5. Nf3 e6 6. Be2 Nc6 7. 0-0 cxd4 8. cxd4 Be7 9. Nc3 Qd6 10. Qa4 0-0 11. Bg5 Bd7 12. a3 Rfd8 13. Bxf6 Bxf6 14. Ne4 Qe7 15. Nxf6+ Qxf6 16. Rfe1 Be8 17. Rad1 Nxd4 18. Qc4 Bb5 0-1

[Event "Athens Acropolis op-B 24th"]
[Site "Chalkida"]
[Date "2009.08.18"]
[Round "9"]
[White "Rizos, Georgios"]
[Black "Gripeos, Kiriakos"]
[Result "0-1"]
[WhiteElo "2163"]
[BlackElo "2172"]
[PlyCount "56"]
[EventDate "2009.08.10"]
[EventType "swiss"]
[EventRounds "9"]
[EventCountry "GRE"]
[SourceTitle "CBM 132 Extra"]
[Source "ChessBase"]
[SourceDate "2009.11.03"]
[SourceVersion "1"]
[SourceVersionDate "2009.11.03"]
[SourceQuality "1"]

1. e4 c5 2. Nf3 d6 3. d4 cxd4 4. Nxd4 Nf6 5. Nc3 a6 6. Bg5 e6 7. f4 Qb6 8. Qd2 Qxb2 9. Nb3 Nbd7 10. Bxf6 gxf6 11. Be2 h5 12. 0-0 Qa3 13. Kh1 b6 14. Rf3 Bb7 15. Rh3 h4 16. Rf1 Rc8 17. f5 e5 18. Nd5 Bh6 19. Qd3 Bg5 20. g3 Qxa2 21. c4 Bxd5 22. exd5 Nc5 23. Nxc5 Rxc5 24. gxh4 Rxh4 25. Rxh4 Bxh4 26. Rb1 b5 27. cxb5 Rc2 28. Qb3 Rc1+ 0-1

[Event "Athens Acropolis op-B 24th"]
[Site "Chalkida"]
[Date "2009.08.15"]
[Round "6"]
[White "Gripeos, Kiriakos"]
[Black "Drakaki, Anna Maria"]
[Result "1-0"]
[WhiteElo "2172"]
[BlackElo "1619"]
[PlyCount "47"]
[EventDate "2009.08.10"]
[EventType "swiss"]
[EventRounds "9"]
[EventCountry "GRE"]
[SourceTitle "CBM 132 Extra"]
[Source "ChessBase"]
[SourceDate "2009.11.03"]
[SourceVersion "1"]
[SourceVersionDate "2009.11.03"]
[SourceQuality "1"]

1. e4 c6 2. d4 d5 3. e5 Bf5 4. Nf3 e6 5. Be2 Ne7 6. Nh4 Bg6 7. 0-0 Nf5 8. Nxf5 Bxf5 9. g4 Bg6 10. f4 h6 11. f5 exf5 12. gxf5 Bh7 13. Be3 Be7 14. Qd2 Bg5 15. Bxg5 Qxg5+ 16. Qxg5 hxg5 17. Nd2 Ke7 18. Bg4 Nd7 19. Nf3 f6 20. Rae1 Rae8 21. Bh5 Bxf5 22. exf6+ Kd8 23. fxg7 Rxh5 24. Rxe8+ 1-0

[Event "Athens Acropolis op-B 24th"]
[Site "Chalkida"]
[Date "2009.08.13"]
[Round "4"]
[White "Gripeos, Kiriakos"]
[Black "Stoumbou, Eleni"]
[Result "0-1"]
[WhiteElo "2172"]
[BlackElo "1877"]
[PlyCount "62"]
[EventDate "2009.08.10"]
[EventType "swiss"]
[EventRounds "9"]
[EventCountry "GRE"]
[SourceTitle "CBM 132 Extra"]
[Source "ChessBase"]
[SourceDate "2009.11.03"]
[SourceVersion "1"]
[SourceVersionDate "2009.11.03"]
[SourceQuality "1"]

1. e4 c6 2. d4 d5 3. e5 Bf5 4. Nf3 e6 5. Be2 c5 6. c3 Nc6 7. 0-0 Qc7 8. Qa4 Nge7 9. Na3 Nc8 10. Nb5 Qd7 11. dxc5 Bxc5 12. b4 Nb6 13. Qb3 Be7 14. Nbd4 Bg4 15. h3 Bxf3 16. Nxf3 Qc7 17. Re1 0-0 18. Bd3 Rac8 19. Bf4 d4 20. Nxd4 Nxd4 21. cxd4 Nd5 22. Bd2 Qb6 23. Rab1 Qxd4 24. Re4 Qb6 25. Rg4 f5 26. exf6 Rxf6 27. Rf1 Rcf8 28. Be1 Kh8 29. a3 Ne3 30. fxe3 Qxe3+ 31. Bf2 Rxf2 0-1

[Event "Athens Acropolis op-B 24th"]
[Site "Chalkida"]
[Date "2009.08.10"]
[Round "1"]
[White "Papakonstantinou, Dimitrios"]
[Black "Gripeos, Kiriakos"]
[Result "0-1"]
[WhiteElo "1541"]
[BlackElo "2172"]
[PlyCount "50"]
[EventDate "2009.08.10"]
[EventType "swiss"]
[EventRounds "9"]
[EventCountry "GRE"]
[SourceTitle "CBM 132 Extra"]
[Source "ChessBase"]
[SourceDate "2009.11.03"]
[SourceVersion "1"]
[SourceVersionDate "2009.11.03"]
[SourceQuality "1"]

1. d4 Nf6 2. c4 g6 3. Nc3 Bg7 4. e4 d6 5. Nf3 0-0 6. Be2 e5 7. 0-0 Nc6 8. d5 Ne7 9. b4 a5 10. Ba3 b6 11. bxa5 Nh5 12. Re1 f5 13. axb6 Rxa3 14. bxc7 Qd7 15. Nb5 Ra8 16. Ng5 Nf4 17. g3 h6 18. gxf4 hxg5 19. fxg5 fxe4 20. Bf1 Ba6 21. Rc1 Rfc8 22. Qc2 Nxd5 23. Qxe4 Nf4 24. Red1 d5 25. a4 Qg4+ 0-1